[Event "SVM_Verbandsliga_Nord_2023-24"]
[Site "?"]
[Date "2023.09.03"]
[Round "1.6"]
[White "Tomada, Frank"]
[Black "Kurth, Laurenz"]
[Result "1-0"]
[WhiteElo "1806"]
[BlackElo "1594"]
[PlyCount "91"]
[EventDate "2023.09.03"]
[WhiteTeam "Ford SF Köln 1"]
[BlackTeam "Bayer Leverkusen 2"]

1. e4 e5 2. Nf3 Nc6 3. Bc4 Bc5 4. c3 Nf6 5. d4 exd4 6. O-O d5 7. exd5 Nxd5 8.
Qb3 Nde7 9. Bxf7+ Kf8 10. Bg5 h6 11. Bh5 Qd5 12. Bxe7+ Nxe7 13. Qxd5 Nxd5 14.
Re1 Nf6 15. Bg6 dxc3 16. Nxc3 Bd7 17. Ne5 Be8 18. Bxe8 Rxe8 19. Ng6+ Kf7 20.
Nxh8+ Rxh8 21. Rad1 c6 22. Ne4 Nxe4 23. Rxe4 Re8 24. Rxe8 Kxe8 25. Kf1 Ke7 26.
Ke2 Bd6 27. h3 Be5 28. b3 c5 29. Kd3 Bd4 30. f3 b5 31. b4 Kd6 32. Ke4 Ke6 33.
bxc5 Bxc5 34. Rd5 Bb6 35. Rxb5 Kf6 36. f4 Bf2 37. g4 Bb6 38. a4 Bg1 39. a5 Bf2
40. Rb7 Bg1 41. Rc7 Bf2 42. Rc6+ Kf7 43. Kf5 Ke8 44. Rc7 Bd4 45. Kg6 Kd8 46.
Rxg7 1-0

[Event "SVM_Verbandsliga_Nord_2023-24"]
[Site "?"]
[Date "2023.09.03"]
[Round "1.8"]
[White "Sommer, Stefan"]
[Black "Elshani, Shaip"]
[Result "1/2-1/2"]
[WhiteElo "1578"]
[BlackElo "1574"]
[PlyCount "94"]
[EventDate "2023.09.03"]
[WhiteTeam "Ford SF Köln 1"]
[BlackTeam "Bayer Leverkusen 2"]

1. Nf3 e6 2. d4 d5 3. c4 Nf6 4. g3 Nc6 5. Bg2 dxc4 6. Qa4 Bb4+ 7. Bd2 Bxd2+ 8.
Nbxd2 O-O 9. Qxc4 Qd5 10. Qxd5 Nxd5 11. a3 Bd7 12. Rc1 Rac8 13. Nb3 b6 14. O-O
f5 15. Ng5 h6 16. Nxe6 Bxe6 17. Rxc6 Bf7 18. Nd2 Rfd8 19. e3 Ne7 20. Rc3 c5 21.
Nf3 Bd5 22. Rfc1 Bxf3 23. Bxf3 cxd4 24. Rxc8 Rxc8 25. Rxc8+ Nxc8 26. exd4 Kf7
27. Kf1 Ke6 28. Ke2 Nd6 29. Kd3 a5 30. h4 g5 31. hxg5 hxg5 32. Bc6 Nf7 33. Kc4
Kd6 34. Kb5 Kc7 35. Bg2 Nd6+ 36. Ka4 Nc4 37. b4 Nb2+ 38. Kb5 Nd1 39. bxa5 bxa5
40. f4 gxf4 41. gxf4 Nc3+ 42. Kxa5 Ne2 43. d5 Nxf4 44. Bf3 Kd6 45. Ka6 Nxd5 46.
a4 Nc3 47. a5 Nd5 1/2-1/2

[Event "SVM_Verbandsliga_Nord_2023-24"]
[Site "?"]
[Date "2023.09.03"]
[Round "1.1"]
[White "Rau, Nikita"]
[Black "Wieferig, Wolfgang"]
[Result "0-1"]
[WhiteElo "2111"]
[BlackElo "2134"]
[PlyCount "102"]
[EventDate "2023.09.03"]
[WhiteTeam "Godesberger SK 4"]
[BlackTeam "Schachuzipus 1"]

1. d4 Nf6 2. Bf4 d5 3. e3 e6 4. Nf3 c5 5. c3 Nc6 6. Nbd2 Qb6 7. Qb3 Be7 8. Qxb6
axb6 9. h3 c4 10. a3 b5 11. Rb1 Nd7 12. Be2 f6 13. e4 e5 14. dxe5 fxe5 15. exd5
exf4 16. dxc6 bxc6 17. Nd4 Nc5 18. Nxc6 Bf5 19. Ra1 Bf6 20. Nd4 Bxd4 21. cxd4
Na4 22. b3 Nc3 23. bxc4 O-O 24. Kf1 b4 25. c5 Rfd8 26. Bc4+ Kf8 27. Nb3 Rxa3
28. Rc1 Be4 29. h4 Bd5 30. Nd2 Bc6 31. Nf3 Bxf3 32. gxf3 Rxd4 33. Be6 Ra5 34.
Kg2 Rxc5 35. Rhe1 g6 36. Ra1 Rc7 37. Ra8+ Kg7 38. Rg8+ Kh6 39. Bb3 Rd3 40. Rb8
Rd4 41. Re5 Ra7 42. Rb6 Rad7 43. Kh3 Nb1 44. Kg4 Nd2 45. Be6 Re7 46. Rbb5 Nf1
47. Kh3 Rd2 48. Kg4 Rxf2 49. Kxf4 Rh2 50. Bg4 Rf7+ 51. Ke4 Rxh4 0-1

[Event "SVM_Verbandsliga_Nord_2023-24"]
[Site "?"]
[Date "2023.09.03"]
[Round "1.2"]
[White "Schläfer, Roland"]
[Black "Schumacher, Markus"]
[Result "1/2-1/2"]
[WhiteElo "1950"]
[BlackElo "1879"]
[PlyCount "51"]
[EventDate "2023.09.03"]
[WhiteTeam "Schachuzipus 1"]
[BlackTeam "Godesberger SK 4"]

1. c4 Nf6 2. Nc3 c5 3. g3 Nc6 4. Bg2 g6 5. Nf3 Bg7 6. d4 cxd4 7. Nxd4 O-O 8.
Nc2 d6 9. O-O Be6 10. b3 Ng4 11. Bb2 Qa5 12. Qd2 Bh6 13. e3 Qh5 14. h3 Nf6 15.
Qe2 Qxe2 16. Nxe2 Bg7 17. e4 Rac8 18. Nf4 Bd7 19. Rad1 g5 20. Nd5 Nxd5 21. Bxg7
Kxg7 22. exd5 Ne5 23. Nd4 a6 24. a4 Ng6 25. Rfe1 Rfe8 26. Kh2 {
Rest nicht lesbar - Remis nach 58 Zügen} 1/2-1/2

[Event "SVM_Verbandsliga_Nord_2023-24"]
[Site "?"]
[Date "2023.09.03"]
[Round "1.3"]
[White "Zhuikov, Edgard"]
[Black "Wippich, Jürgen"]
[Result "1/2-1/2"]
[WhiteElo "1878"]
[BlackElo "1710"]
[PlyCount "75"]
[EventDate "2023.09.03"]
[WhiteTeam "Godesberger SK 4"]
[BlackTeam "Schachuzipus 1"]

1. e4 d5 2. exd5 Nf6 3. c4 e6 4. d4 Bb4+ 5. Bd2 Bxd2+ 6. Nxd2 exd5 7. Ngf3 O-O
8. Be2 Bf5 9. O-O c6 10. Ne5 Nbd7 11. f4 Ne4 12. Nxe4 Bxe4 13. Bf3 Nxe5 14.
dxe5 Bxf3 15. Qxf3 dxc4 16. Qc3 Qd3 17. Qe1 Rad8 18. f5 Rd5 19. Kh1 f6 20. exf6
Rxf6 21. Qe8+ Rf8 22. Qe6+ Kh8 23. Qe7 Rdd8 24. Qxb7 Rxf5 25. Rxf5 Qxf5 26.
Qxc6 Qd5 27. Qxd5 Rxd5 28. h3 h6 29. Rc1 Ra5 30. a3 Rb5 31. Rxc4 Rxb2 32. Ra4
Rb7 33. Kh2 Kg8 34. Ra6 Kh7 35. a4 g6 36. Kg3 Rf7 37. Kh4 Kg7 38. Kg3 1/2-1/2

[Event "SVM_Verbandsliga_Nord_2023-24"]
[Site "?"]
[Date "2023.09.03"]
[Round "1.4"]
[White "Leistenschneider, Jürgen"]
[Black "Maurer, Ralf"]
[Result "1-0"]
[WhiteElo "1980"]
[BlackElo "1803"]
[PlyCount "119"]
[EventDate "2023.09.03"]
[WhiteTeam "Schachuzipus 1"]
[BlackTeam "Godesberger SK 4"]

1. d4 d5 2. Nf3 e6 3. Bf4 c5 4. e3 Qb6 5. Qc1 Nf6 6. c3 Bd6 7. Bg3 O-O 8. Bd3
Qd8 9. Nbd2 b6 10. Ne5 Ba6 11. Qc2 Bxd3 12. Qxd3 Be7 13. Bh4 Nfd7 14. Bxe7 Qxe7
15. O-O Nxe5 16. dxe5 Nd7 17. f4 f6 18. exf6 Nxf6 19. Rae1 Rad8 20. Rf3 e5 21.
Rff1 Rfe8 22. f5 e4 23. Qe2 Qe5 24. Nb3 a5 25. a4 Qc7 26. Rd1 Qc6 27. g4 Qxa4
28. Nc1 h6 29. h4 h5 30. gxh5 d4 31. h6 gxh6 32. Kh1 h5 33. Rg1+ Kf7 34. Rg6 d3
35. Qe1 Rg8 36. b3 Qd7 37. Qf2 Ng4 38. Qf4 Qe7 39. Rg5 Rxg5 40. hxg5 Qe5 41.
Qxe5 Nxe5 42. Kg2 Rg8 43. Kg3 Rxg5+ 44. Kf4 Kf6 45. Kxe4 Rxf5 46. Nxd3 Nf7 47.
Nf4 Re5+ 48. Kf3 Ng5+ 49. Kf2 Ne4+ 50. Kf3 b5 51. Nxh5+ Rxh5 52. Kxe4 Ke6 53.
Ra1 Rh4+ 54. Kd3 a4 55. bxa4 bxa4 56. c4 Ke5 57. Rxa4 Rg4 58. Ra8 Rh4 59. Rd8
Rh1 60. Rd5+ 1-0

[Event "SVM_Verbandsliga_Nord_2023-24"]
[Site "?"]
[Date "2023.09.03"]
[Round "1.5"]
[White "Albert, Markus"]
[Black "Huppertz, Christoph"]
[Result "1/2-1/2"]
[WhiteElo "1787"]
[BlackElo "1887"]
[PlyCount "66"]
[EventDate "2023.09.03"]
[WhiteTeam "Godesberger SK 4"]
[BlackTeam "Schachuzipus 1"]

1. e4 e5 2. Nf3 Nc6 3. Bc4 Be7 4. O-O Nf6 5. Re1 d6 6. a4 h6 7. d3 O-O 8. Nbd2
Re8 9. Nf1 Bf8 10. c3 Be6 11. Bxe6 Rxe6 12. Ng3 g6 13. d4 Re8 14. d5 Ne7 15. h3
Bg7 16. Be3 c6 17. dxc6 bxc6 18. Qd2 Kh7 19. b4 Qc7 20. Rad1 Rad8 21. Qa2 Rf8
22. Rd2 d5 23. exd5 Nexd5 24. Bc5 Rfe8 25. c4 Nf4 26. Rxd8 Rxd8 27. Nxe5 h5 28.
Nf3 Nd3 29. Ng5+ Kg8 30. Re7 Rd7 31. Rxd7 Qxd7 32. N3e4 Nxe4 33. Nxe4 f5
1/2-1/2

[Event "SVM_Verbandsliga_Nord_2023-24"]
[Site "?"]
[Date "2023.09.03"]
[Round "1.6"]
[White "Schmerwitz, Reinhard"]
[Black "Große-Gehling, Thomas"]
[Result "1/2-1/2"]
[WhiteElo "1694"]
[BlackElo "1663"]
[PlyCount "90"]
[EventDate "2023.09.03"]
[WhiteTeam "Schachuzipus 1"]
[BlackTeam "Godesberger SK 4"]

1. e4 Nf6 2. e5 Nd5 3. d4 d6 4. Nf3 Bg4 5. Be2 Nc6 6. exd6 exd6 7. O-O Be7 8.
Re1 O-O 9. Be3 Nxe3 10. fxe3 Nb4 11. a3 Nd5 12. Qc1 Re8 13. c4 Nf6 14. Nc3 c6
15. e4 Qb6 16. Qd2 Rad8 17. Rad1 Bf8 18. Qc2 g6 19. h3 Bxf3 20. Bxf3 Bg7 21.
Kh1 Nd7 22. Qd2 Nf8 23. Ne2 Ne6 24. b4 c5 25. d5 Nd4 26. Nxd4 Bxd4 27. b5 Re5
28. Rf1 Rf8 29. a4 Qd8 30. Qf4 Qg5 31. Qxg5 Rxg5 32. Rd3 Bg7 33. Bg4 h5 34. Bf3
Re5 35. Rdd1 f5 36. exf5 Rexf5 37. Be2 Rxf1+ 38. Rxf1 Rxf1+ 39. Bxf1 Bd4 40. g4
Kf7 41. gxh5 gxh5 42. Kg2 h4 43. Kf3 Kf6 44. Ke4 Bf2 45. Be2 b6 1/2-1/2

[Event "SVM_Verbandsliga_Nord_2023-24"]
[Site "?"]
[Date "2023.09.03"]
[Round "1.7"]
[White "Foitzik, Peter"]
[Black "Beckschwarte, Günter"]
[Result "1-0"]
[WhiteElo "1652"]
[BlackElo "1798"]
[PlyCount "83"]
[EventDate "2023.09.03"]
[WhiteTeam "Godesberger SK 4"]
[BlackTeam "Schachuzipus 1"]

1. e4 e5 2. Nc3 Nf6 3. Bc4 d6 4. d3 a6 5. Bg5 Be7 6. a4 Nbd7 7. Nge2 h6 8. Bh4
c6 9. O-O Nh5 10. Bxe7 Qxe7 11. Qd2 Nb6 12. Rad1 g5 13. a5 Nxc4 14. dxc4 Be6
15. Qxd6 Qxd6 16. Rxd6 Bxc4 17. b3 Be6 18. Rfd1 Ke7 19. f3 Ng7 20. Na4 Bd5 21.
R6xd5 cxd5 22. Rxd5 f6 23. Nc5 Rhd8 24. c4 Rac8 25. Nxb7 Rxd5 26. cxd5 Rb8 27.
Nc5 f5 28. Nc3 Kd6 29. Nxa6 Rxb3 30. Nb5+ Ke7 31. d6+ Kd8 32. Nc5 Rb1+ 33. Kf2
Ne8 34. a6 Ra1 35. Ke3 h5 36. a7 g4 37. fxg4 hxg4 38. g3 Re1+ 39. Kd2 Ra1 40.
Ne6+ Kd7 41. Nf8+ Kd8 42. Ng6 1-0

[Event "SVM_Verbandsliga_Nord_2023-24"]
[Site "?"]
[Date "2023.09.03"]
[Round "1.8"]
[White "Rohleder, Traugott"]
[Black "Fehlau, Klaus"]
[Result "1-0"]
[WhiteElo "1683"]
[BlackElo "1584"]
[PlyCount "69"]
[EventDate "2023.09.03"]
[WhiteTeam "Schachuzipus 1"]
[BlackTeam "Godesberger SK 4"]

1. c4 e5 2. Nc3 Nc6 3. Nf3 Nf6 4. g3 Bb4 5. Bg2 d6 6. O-O O-O 7. d3 h6 8. Bd2
Be6 9. a3 Bxc3 10. Bxc3 Re8 11. Nd2 d5 12. b3 Qd7 13. f4 Ng4 14. f5 Bxf5 15.
cxd5 Nd4 16. Nc4 b5 17. Nxe5 Nxe2+ 18. Qxe2 Nxe5 19. Bxe5 f6 20. Qf2 Bxd3 21.
Rfd1 Rxe5 22. Rxd3 Qd6 23. Re3 Rae8 24. Rxe5 Qxe5 25. Rc1 a5 26. Kf1 Qd6 27.
Qc5 Qd7 28. Qxc7 Qf5+ 29. Qf4 Qd3+ 30. Kg1 Qxb3 31. d6 Qe6 32. Qd2 Kf8 33. Bc6
Rd8 34. d7 Ke7 35. Re1 1-0

[Event "SVM_Verbandsliga_Nord_2023-24"]
[Site "?"]
[Date "2023.09.24"]
[Round "2.1"]
[White "Rau, Nikita"]
[Black "Hoffmann, Klaus-Peter"]
[Result "1-0"]
[WhiteElo "2089"]
[BlackElo "2064"]
[PlyCount "55"]
[EventDate "2023.09.24"]
[WhiteTeam "Godesberger SK 4"]
[BlackTeam "SV KS Leverkusen 1"]

1. d4 g6 2. Bf4 Bg7 3. Nc3 c6 4. e4 Qb6 5. Nf3 Qxb2 6. Bd2 Qb6 7. Rb1 Qc7 8. g3 d6 9. Bc4 e6 10. O-O Nd7 11. Re1 Ngf6 12. a4 O-O 13. Bd3 e5 14. Ne2 Nxe4 15. Bxe4 d5 16. Bxd5 cxd5 17. dxe5 Nxe5 18. Nxe5 Bxe5 19. Bf4 Rd8 20. Bxe5 Qxe5 21. Nf4 Qf5 22. Rb5 Be6 23. Qd4 Rac8 24. Nxe6 fxe6 25. Rxb7 Qf8 26. Qh4 h5 27. Qg5 Qe8 28. Re7 1-0

[Event "SVM_Verbandsliga_Nord_2023-24"]
[Site "?"]
[Date "2023.09.24"]
[Round "2.2"]
[White "Schmitz, Andreas"]
[Black "Schumacher, Markus"]
[Result "0-1"]
[WhiteElo "1883"]
[BlackElo "1879"]
[PlyCount "92"]
[EventDate "2023.09.24"]
[WhiteTeam "SV KS Leverkusen 1"]
[BlackTeam "Godesberger SK 4"]

1. Nf3 Nf6 2. c4 c5 3. g3 Nc6 4. Bg2 e6 5. O-O Be7 6. d3 O-O 7. Nc3 a6 8. a3 d5 9. Nd2 d4 10. Na2 Qc7 11. Ne4 Rb8 12. Nxf6+ Bxf6 13. b4 b6 14. Rb1 Ne7 15. Qa4 b5 16. Qc2 Bb7 17. Bxb7 Rxb7 18. cxb5 Rxb5 19. Bd2 Rc8 20. Rfc1 h5 21. a4 Rbb8 22. bxc5 Rxb1 23. Qxb1 Qe5 24. e4 dxe3 25. Bxe3 Nd5 26. d4 Qc7 27. Qc2 h4 28. Qd2 hxg3 29. hxg3 Qd7 30. Nc3 Nxe3 31. fxe3 Rxc5 32. Ne4 Rxc1+ 33. Qxc1 Qxa4 34. Nc5 Qb5 35. Qf1 Qxf1+ 36. Kxf1 a5 37. Ke2 Kf8 38. Kd3 Be7 39. Nb3 a4 40. Nc1 Ke8 41. Kc4 Bg5 42. Kd3 Kd7 43. Na2 f5 44. e4 g6 45. e5 Be7 46. Kc4 Kc6 0-1

[Event "SVM_Verbandsliga_Nord_2023-24"]
[Site "?"]
[Date "2023.09.24"]
[Round "2.3"]
[White "Zhuikov, Edgard"]
[Black "Blomeyer, Peter"]
[Result "1-0"]
[WhiteElo "1878"]
[BlackElo "1819"]
[PlyCount "61"]
[EventDate "2023.09.24"]
[WhiteTeam "Godesberger SK 4"]
[BlackTeam "SV KS Leverkusen 1"]

1. e4 d6 2. d4 Nf6 3. Nc3 e5 4. dxe5 dxe5 5. Qxd8+ Kxd8 6. Bg5 Be6 7. O-O-O+ Ke8 8. f3 a6 9. g3 Nc6 10. Nd5 Nd7 11. Bh3 Bxh3 12. Nxh3 Bc5 13. c3 f6 14. Be3 Bxe3+ 15. Nxe3 Ne7 16. Rd2 b5 17. Nf2 Nb6 18. h4 Rd8 19. Rxd8+ Kxd8 20. h5 Ke8 21. Nfg4 Nd7 22. Kc2 Kf7 23. Rd1 Ke6 24. Nf2 Rb8 25. g4 Rg8 26. Nd3 c5 27. Nd5 Rc8 28. Ne3 a5 29. Nf2 Nb6 30. Nf5 g6 31. Rd6+ 1-0

[Event "SVM_Verbandsliga_Nord_2023-24"]
[Site "?"]
[Date "2023.09.24"]
[Round "2.4"]
[White "Wirtz, Uwe"]
[Black "Müller, Peter"]
[Result "1-0"]
[WhiteElo "1782"]
[BlackElo "1845"]
[PlyCount "83"]
[EventDate "2023.09.24"]
[WhiteTeam "SV KS Leverkusen 1"]
[BlackTeam "Godesberger SK 4"]

1. e4 c5 2. c3 Nf6 3. d3 Nc6 4. Nf3 d6 5. Be2 g6 6. O-O Bg7 7. Na3 O-O 8. Bd2 Rb8 9. Nc2 b5 10. Rb1 Be6 11. b3 h6 12. Ne3 Qc7 13. Qc2 Rfc8 14. Rfc1 Qd8 15. Qd1 b4 16. c4 Nd7 17. Nd5 Bg4 18. Ne3 Bxf3 19. Bxf3 Qa5 20. Nf1 Kh7 21. Be3 Qxa2 22. Bg4 e6 23. Rc2 Qa5 24. f4 Re8 25. f5 Nd4 26. Rf2 exf5 27. exf5 gxf5 28. Bxf5+ Nxf5 29. Rxf5 Re7 30. d4 Rbe8 31. Bf4 Bxd4+ 32. Qxd4 cxd4 33. Rxa5 Ne5 34. Rd1 Rg8 35. Ng3 f6 36. Nf5 Rd7 37. Ra6 Nf3+ 38. Kf2 Ng5 39. Bxg5 Rxg5 40. Nxd4 Kg6 41. Nf3 Rc5 42. Raxd6 1-0

[Event "SVM_Verbandsliga_Nord_2023-24"]
[Site "?"]
[Date "2023.09.24"]
[Round "2.5"]
[White "Maurer, Ralf"]
[Black "Robeck, Guido"]
[Result "1-0"]
[WhiteElo "1823"]
[BlackElo "1694"]
[PlyCount "50"]
[EventDate "2023.09.24"]
[WhiteTeam "Godesberger SK 4"]
[BlackTeam "SV KS Leverkusen 1"]

1. d4 d5 2. c4 e6 3. Nc3 f5 4. Bf4 Bd6 5. Bxd6 Qxd6 6. e3 Nf6 7. Bd3 c6 8. Nge2 O-O 9. f3 b6 10. O-O Na6 11. e4 fxe4 12. fxe4 e5 13. dxe5 Qxe5 14. cxd5 cxd5 15. exd5 Qe3+ 16. Kh1 Bb7 17. Rf3 Qe5 18. Qd2 Ng4 19. Nf4 g5 20. Re1 Qb8 21. h3 Ne5 22. Rg3 Ng6 23. Nh5 Qd6 24. Bxg6 hxg6 25. Re6 Qc7 1-0

[Event "SVM_Verbandsliga_Nord_2023-24"]
[Site "?"]
[Date "2023.09.24"]
[Round "2.6"]
[White "Asadzade, Muhammed"]
[Black "Albert, Markus"]
[Result "1/2-1/2"]
[WhiteElo "1565"]
[BlackElo "1787"]
[PlyCount "86"]
[EventDate "2023.09.24"]
[WhiteTeam "SV KS Leverkusen 1"]
[BlackTeam "Godesberger SK 4"]

1. d4 d5 2. c4 e6 3. Nc3 Nf6 4. Nf3 c6 5. Bg5 Nbd7 6. e3 Qa5 7. Bxf6 Nxf6 8. a3 Be7 9. Bd3 O-O 10. O-O dxc4 11. Bxc4 b5 12. Bd3 Nd5 13. Nxd5 cxd5 14. b4 Qb6 15. Qc2 g6 16. Rfc1 Bd7 17. Qc7 Qd6 18. Ne5 Rfd8 19. Qxd6 Bxd6 20. Nxd7 Rxd7 21. Bxb5 Rdd8 22. Bc6 Rab8 23. b5 Rdc8 24. a4 Rc7 25. f3 Rbc8 26. e4 dxe4 27. fxe4 Bf4 28. Rd1 Kf8 29. d5 Ke7 30. Kf2 exd5 31. exd5 Kd6 32. a5 Re7 33. Re1 Be5 34. Ra4 Rb8 35. b6 axb6 36. a6 Ra7 37. Bb7 Rbxb7 38. axb7 Rxb7 39. Rd1 b5 40. Ra6+ Kd7 41. Rb1 b4 42. Rb3 Bc3 43. Rc6 Be5 1/2-1/2

[Event "SVM_Verbandsliga_Nord_2023-24"]
[Site "?"]
[Date "2023.09.24"]
[Round "2.7"]
[White "Boysen, Christopher"]
[Black "Granz, Thomas"]
[Result "1-0"]
[WhiteElo "1734"]
[BlackElo "1738"]
[PlyCount "101"]
[EventDate "2023.09.24"]
[WhiteTeam "Godesberger SK 4"]
[BlackTeam "SV KS Leverkusen 1"]

1. Nf3 d5 2. c4 e6 3. e3 Nf6 4. d4 c5 5. Nc3 Nc6 6. cxd5 exd5 7. Bb5 a6 8. Bxc6+ bxc6 9. Ne5 Qc7 10. h3 Bd6 11. Nf3 O-O 12. O-O Bd7 13. Qc2 cxd4 14. exd4 Rfe8 15. Be3 Ne4 16. Rac1 f5 17. Nxd5 cxd5 18. Qxc7 Bxc7 19. Rxc7 Bb5 20. Rfc1 Nd6 21. b3 Rac8 22. a4 Rxc7 23. Rxc7 Be2 24. Rd7 Ne4 25. Rxd5 g6 26. Nd2 Nxd2 27. Bxd2 Bd1 28. Ra5 Bxb3 29. Rxa6 Rd8 30. Be3 f4 31. Bxf4 Rxd4 32. Ra8+ Kf7 33. Ra7+ Kg8 34. Be5 Rxa4 35. Rg7+ Kf8 36. Rxh7 Re4 37. Bc3 Rc4 38. Bd2 Kg8 39. Ra7 Rd4 40. Bh6 Bf7 41. Kh2 Rc4 42. Kg3 Rc3+ 43. Kh4 Rc2 44. Be3 Bd5 45. g4 Bf7 46. Kg5 Rc8 47. Bd4 Rd8 48. Bf6 Rc8 49. Rd7 Rc5+ 50. Kh6 Be8 51. Rg7+ 1-0

[Event "SVM_Verbandsliga_Nord_2023-24"]
[Site "?"]
[Date "2023.09.24"]
[Round "2.8"]
[White "Witte, Volker"]
[Black "Foitzik, Peter"]
[Result "1-0"]
[WhiteElo "1581"]
[BlackElo "1652"]
[PlyCount "93"]
[EventDate "2023.09.24"]
[WhiteTeam "SV KS Leverkusen 1"]
[BlackTeam "Godesberger SK 4"]

1. d4 Nf6 2. c4 g6 3. Nc3 d5 4. cxd5 Nxd5 5. e4 Nxc3 6. bxc3 c5 7. Be3 Bg7 8. Bc4 O-O 9. Ne2 Nc6 10. O-O Bg4 11. f3 Na5 12. Bd3 cxd4 13. cxd4 Be6 14. Qa4 Bd7 15. Qa3 b5 16. Rac1 Nb7 17. Nc3 Nd6 18. Nd5 a5 19. e5 b4 20. Qb2 Nb5 21. Qe2 e6 22. Bxb5 Bxb5 23. Qxb5 Qxd5 24. Qxd5 exd5 25. Rc5 Rfd8 26. Rfc1 Kf8 27. Rb5 Ke7 28. Rc7+ Rd7 29. Bg5+ Ke8 30. Rcc5 h6 31. Bd2 Bf8 32. Rxa5 Rda7 33. Rxa7 Rxa7 34. Rc8+ Kd7 35. Rxf8 Rxa2 36. Bxb4 Ra1+ 37. Kf2 Ke6 38. Re8+ Kf5 39. g4+ Kg5 40. Bd2+ Kh4 41. Rh8 h5 42. gxh5 gxh5 43. Rh7 Rh1 44. Rxf7 Rxh2+ 45. Ke3 Kg5 46. e6 Kg6 47. Rf4 1-0

[Event "SVM_Verbandsliga_Nord_2023-24"]
[Site "?"]
[Date "2023.09.24"]
[Round "2.1"]
[White "Wieferig, Wolfgang"]
[Black "Wrzesniak, Marek"]
[Result "1/2-1/2"]
[WhiteElo "2141"]
[BlackElo "1904"]
[PlyCount "77"]
[EventDate "2023.09.24"]
[WhiteTeam "Schachuzipus 1"]
[BlackTeam "Bayer Leverkusen 2"]

1. d4 d5 2. Nf3 Nf6 3. g3 g6 4. Bg2 Bg7 5. O-O O-O 6. c4 c6 7. Nc3 dxc4 8. Ne5 Be6 9. e4 Nbd7 10. f4 Nxe5 11. fxe5 Bg4 12. Qd2 Ne8 13. Qf4 Qxd4+ 14. Be3 Qd7 15. Rf2 Be6 16. Ne2 Qc7 17. Bd4 c5 18. Bc3 b5 19. a3 Rb8 20. Qe3 Bxe5 21. Nf4 Ng7 22. Nd5 Bxd5 23. exd5 Bxc3 24. bxc3 Rbe8 25. Rd1 a5 26. g4 Qd6 27. Re2 f5 28. Rb1 b4 29. h3 fxg4 30. hxg4 Rf4 31. Rf1 Rxf1+ 32. Kxf1 b3 33. Qe4 Qg3 34. Qxc4 Rf8+ 35. Kg1 Qf4 36. Qxb3 Qc1+ 37. Kh2 Qf4+ 38. Kg1 Qc1+ 39. Kh2 1/2-1/2

[Event "SVM_Verbandsliga_Nord_2023-24"]
[Site "?"]
[Date "2023.09.24"]
[Round "2.2"]
[White "Horstmann, Benjamin"]
[Black "Schläfer, Roland"]
[Result "1-0"]
[WhiteElo "1798"]
[BlackElo "1950"]
[PlyCount "51"]
[EventDate "2023.09.24"]
[WhiteTeam "Bayer Leverkusen 2"]
[BlackTeam "Schachuzipus 1"]

1. e4 c5 2. c3 Nf6 3. e5 Nd5 4. d4 cxd4 5. Bc4 Nb6 6. Bb3 Nc6 7. cxd4 d6 8. exd6 Qxd6 9. Nf3 Be6 10. Be3 Bxb3 11. Qxb3 Qb4+ 12. Nbd2 Qxb3 13. Nxb3 e6 14. Ne5 Bb4+ 15. Ke2 Nxe5 16. dxe5 Nd5 17. Rac1 O-O 18. a3 Be7 19. Na5 a6 20. g3 Rfd8 21. Rhd1 Rd7 22. Nc4 Bd8 23. Bc5 Bc7 24. f4 Rad8 25. Bd6 Bb6 26. Rxd5 1-0

[Event "SVM_Verbandsliga_Nord_2023-24"]
[Site "?"]
[Date "2023.09.24"]
[Round "2.3"]
[White "Wippich, Jürgen"]
[Black "Petrovic, Julijan"]
[Result "0-1"]
[WhiteElo "1710"]
[BlackElo "1746"]
[PlyCount "80"]
[EventDate "2023.09.24"]
[WhiteTeam "Schachuzipus 1"]
[BlackTeam "Bayer Leverkusen 2"]

1. e4 c5 2. Nc3 e6 3. f4 Nc6 4. Nf3 d5 5. Bb5 dxe4 6. Bxc6+ bxc6 7. Nxe4 Be7 8. O-O Nf6 9. d3 Ba6 10. Nfg5 Nxe4 11. Nxe4 c4 12. dxc4 Bxc4 13. Qxd8+ Rxd8 14. Re1 Bd5 15. Ng3 h5 16. Be3 Bf6 17. c3 Rb8 18. Bxa7 Rxb2 19. Re2 Bxc3 20. Rxb2 Bxb2 21. Rb1 Bf6 22. Rb8+ Bd8 23. Bb6 Ke7 24. Bc5+ Kd7 25. a4 h4 26. Ne2 Rh5 27. Rb7+ Kc8 28. Rxf7 Bc4 29. Bd6 Bxe2 30. Kf2 Bd1 31. Rxg7 Bb6+ 32. Ke1 Bxa4 33. Be5 c5 34. Kd2 Bc6 35. Kc3 Bd5 36. Kb2 c4 37. Kc3 Bg1 38. h3 Bf2 39. Kb4 Rf5 40. Bc3 Bg3 0-1

[Event "SVM_Verbandsliga_Nord_2023-24"]
[Site "?"]
[Date "2023.09.24"]
[Round "2.4"]
[White "Sockel, Karl-Heinz"]
[Black "Leistenschneider, Jürgen"]
[Result "1-0"]
[WhiteElo "1830"]
[BlackElo "1980"]
[PlyCount "58"]
[EventDate "2023.09.24"]
[WhiteTeam "Bayer Leverkusen 2"]
[BlackTeam "Schachuzipus 1"]

1. c4 c6 2. g3 d5 3. Bg2 Nf6 4. Nf3 Bf5 5. b3 e6 6. O-O Nbd7 7. Bb2 Bc5 8. d3 Qe7 9. Nbd2 h5 10. d4 Bd6 11. Nh4 Bh7 12. Nhf3 Ne4 13. Nxe4 Bxe4 14. Qd2 O-O-O 15. h4 f6 16. Ne1 Bxg2 17. Kxg2 g5 18. Rh1 Rdg8 19. Nf3 Qg7 20. Qe3 Nf8 21. Rag1 Kb8 22. Bc1 gxh4 23. Nxh4 Qg4 24. Kf1 Rh7 25. Bd2 Re7 26. Qd3 dxc4 27. bxc4 Rd7 28. Qe3 Bc7 29. Nf3 Qf5 {Rest nicht lesbar - Weiß gewinnt im 37. Zug} 1-0

[Event "SVM_Verbandsliga_Nord_2023-24"]
[Site "?"]
[Date "2023.09.24"]
[Round "2.5"]
[White "Krämer, Delef"]
[Black "Axmann, Michael"]
[Result "1/2-1/2"]
[WhiteElo "1831"]
[BlackElo "1646"]
[PlyCount "86"]
[EventDate "2023.09.24"]
[WhiteTeam "Schachuzipus 1"]
[BlackTeam "Bayer Leverkusen 2"]

1. c4 e6 2. Nc3 d5 3. e3 Nf6 4. Nf3 b6 5. cxd5 exd5 6. d4 Bb7 7. Bd3 Bd6 8. O-O O-O 9. Qc2 Re8 10. Nb5 Ne4 11. Nxd6 Qxd6 12. Bd2 Nd7 13. Rfd1 Rac8 14. b4 Ndf6 15. Rab1 a6 16. Be1 g6 17. Qe2 b5 18. Rdc1 Re7 19. Ne5 Nd7 20. f3 Ng5 21. Bg3 Qb6 22. Bh4 f6 23. Nxd7 Rxd7 24. Qc2 Kg7 25. Qc5 Qe6 26. Bxg5 fxg5 27. Re1 Rf8 28. Qc2 Qf6 29. Rb3 Re7 30. Qc1 Rfe8 31. Bf1 h6 32. Rc3 Qd6 33. a3 Rf8 34. Qd2 Rff7 35. Qf2 Qf6 36. Rec1 Qd6 37. Qg3 Qd8 38. a4 c6 39. axb5 axb5 40. Ra1 Qe8 41. Raa3 Re6 42. Be2 Rff6 43. Kf2 Qf8 1/2-1/2

[Event "SVM_Verbandsliga_Nord_2023-24"]
[Site "?"]
[Date "2023.09.24"]
[Round "2.6"]
[White "Kurth, Laurenz"]
[Black "Schmerwitz, Reinhard"]
[Result "0-1"]
[WhiteElo "1594"]
[BlackElo "1694"]
[PlyCount "72"]
[EventDate "2023.09.24"]
[WhiteTeam "Bayer Leverkusen 2"]
[BlackTeam "Schachuzipus 1"]

1. d4 Nf6 2. c4 g6 3. Nf3 Bg7 4. g3 O-O 5. Bg2 d5 6. cxd5 Nxd5 7. e4 Nf6 8. Nc3 c6 9. O-O e6 10. h3 b6 11. Be3 Bb7 12. Qc2 Nbd7 13. Rfd1 Rc8 14. Rac1 Qe7 15. e5 Nd5 16. Ne4 Nxe3 17. fxe3 c5 18. Nd6 Rc7 19. b4 Ba8 20. Nb5 Rcc8 21. Nd6 Rb8 22. bxc5 bxc5 23. dxc5 Nxe5 24. Nd4 Bxg2 25. Kxg2 Qc7 26. Qe4 Rb2+ 27. Kg1 Rfb8 28. a4 a6 29. Nf3 R2b4 30. Nc4 Nxc4 31. Rxc4 Qxg3+ 32. Kf1 Rxc4 33. Qxc4 Qxf3+ 34. Ke1 Qxe3+ 35. Kf1 Qxh3+ 36. Ke1 Bc3+ 0-1

[Event "SVM_Verbandsliga_Nord_2023-24"]
[Site "?"]
[Date "2023.09.24"]
[Round "2.1"]
[White "Cordts, Ingo"]
[Black "Eulering, Georg"]
[Result "0-1"]
[WhiteElo "2213"]
[BlackElo "2102"]
[PlyCount "72"]
[EventDate "2023.09.24"]
[WhiteTeam "Ford SF Köln 1"]
[BlackTeam "SF Schlebusch 1"]

1. Nf3 f5 2. d3 d6 3. e4 e5 4. Nc3 Nf6 5. exf5 Bxf5 6. d4 Nbd7 7. Bc4 c6 8. dxe5 Nxe5 9. Nxe5 dxe5 10. Qxd8+ Rxd8 11. Be3 b6 12. Bb3 Nd5 13. Nxd5 cxd5 14. O-O-O d4 15. Bd2 Bd6 16. Rhe1 Kd7 17. Bd5 Rhf8 18. f3 Kc7 19. Be4 g6 20. Bh6 Rfe8 21. Re2 Bd7 22. c3 dxc3 23. Rc2 Bb4 24. a3 Be7 25. Rxc3+ Kb8 26. f4 Bf6 27. Rcd3 Rc8+ 28. Kb1 Bg4 29. Re1 exf4 30. Bxf4+ Be5 31. Bxe5+ Rxe5 32. Rde3 Rce8 33. h3 Rxe4 34. Rxe4 Rxe4 35. Rf1 Bf5 36. Ka2 h5 0-1